Friends Guest Stars - Sudden Death - Statistics

General Stats
  • This quiz has been taken 2,048 times
  • The average score is 7 of 18
Answers on the Grid
Answers color-coded by a green-red scale on the quiz's grid according to % correct below.
Ben Stiller
Billy Crystal
Bob Hoskins
Brad Pitt
Brooke Shields
Charlton Heston
Dakota Fanning
Demi Moore
Denise Richards
Elle Fanning
Gary Oldman
Geena Davis
Helen Hunt
Hugh Lawrie
James Nesbit
Jeff Goldblum
Jennifer Grey
Julia Roberts
Mae Whitman
Michael Caine
Neve Campbell
Patrick Stewart
Paul Rudd
Robbie Williams
Selma Blair
Stephen Baldwin
Steven Fry
Susan Sarandon
Tom Selleck
William Shatner
 
Answer Stats
Answer % Correct
Brad Pitt
92%
Ben Stiller
72%
Paul Rudd
62%
Julia Roberts
61%
Tom Selleck
59%
Brooke Shields
49%
Dakota Fanning
36%
Denise Richards
36%
Jeff Goldblum
36%
Billy Crystal
35%
Gary Oldman
33%
Susan Sarandon
32%
Hugh Lawrie
29%
Charlton Heston
27%
Helen Hunt
22%
Jennifer Grey
18%
Selma Blair
14%
Mae Whitman
11%
No matching quizzes found
Score Distribution
Percent of People with Each Score
Percentile by Number Answered
Your Score History
You have not taken this quiz